| 000 | 00911cam a2200229 a 4500 | ||
|---|---|---|---|
| 001 | 000001929 | ||
| 005 | 20200929145748.0 | ||
| 008 | 920925s1991 ck a b 001 0 spa | ||
| 040 |
_aDO-SdBNP _bspa _cBNPHU |
||
| 082 |
_a940.2 _bJ61a, 1991 |
||
| 100 | 1 |
_aJiménez de Quesada, Gonzalo, _d1579-? _96256 |
|
| 245 | 1 | 3 |
_aEl antijovio / _cGonzalo Jiménez de Quesada ; edición y presentación de Guillermo Hernández Peñalosa ; prólogo de Jorge Eliécer Ruiz. |
| 260 |
_aBogota : _bInstituto Caro y Cuervo, _c1991. |
||
| 300 |
_a2 v. : _bil. ; _c22 cm. |
||
| 490 | 1 |
_aBiblioteca colombiana _vno. 37 |
|
| 504 | _aIncluye referencias bibliográficas e índice. | ||
| 651 | 4 |
_aEuropa _xHistoria _y1492-1648. _96257 |
|
| 700 | 1 |
_aHernández Peñalosa, Guillermo, _eed. _96258 |
|
| 700 | 1 |
_aRuiz, Jorge Eliécer, _epról. _96259 |
|
| 830 | 0 |
_aBiblioteca colombiana ; _vno. 37 _96260 |
|
| 910 | _aCatalogación por copia / LC | ||
| 999 |
_c1795 _d1795 |
||